000 00786nam a2200289 i 4500
001 768714001
003 CO-MdFUSB
005 20241204165557.0
007 ta
008 241204t1932 -us||||| |||| 001 0 eng d
040 _beng
_aCO-MdFUSB
_cCO-MdFUSB
_dCO-MdFUSB
_erda
041 0 _aeng
082 0 4 _a236.4
_223
_bB631k
100 1 _aBlackstone, W. E. (William E.) (1841-)
_eautor
245 1 0 _aJesus is coming / W. E. B.
260 _a Fleming H. Revell
264 1 _bFleming H. Revell,
_aChicago
_c[1932]
264 4 _c©1932
300 _a252 Páginas
_c19 cm
336 _atexto
_btxt
_2rdacontent
337 _2rdamedia
_asin mediación
_bn
338 _2rdacarrier
_avolumen
_bnc
563 _arustica
653 _aSegunda venida
942 _cBK
945 _aLuz Peña
999 _c35014
_d35014